|
|
|
|
| LEADER |
01369nam a2200373 a 4500 |
| 001 |
EBC420034 |
| 003 |
MiAaPQ |
| 005 |
20200520144314.0 |
| 006 |
m o d | |
| 007 |
cr cn||||||||| |
| 008 |
071005s2007 ne a s 000 0 eng |
| 010 |
|
|
|z 2007476334
|
| 020 |
|
|
|z 9053569766
|
| 035 |
|
|
|a (MiAaPQ)EBC420034
|
| 035 |
|
|
|a (Au-PeEL)EBL420034
|
| 035 |
|
|
|a (CaPaEBR)ebr10302565
|
| 035 |
|
|
|a (CaONFJC)MIL119119
|
| 035 |
|
|
|a (OCoLC)231629415
|
| 040 |
|
|
|a MiAaPQ
|c MiAaPQ
|d MiAaPQ
|
| 043 |
|
|
|a e------
|
| 050 |
|
4 |
|a HC240
|b .E737 2007
|
| 082 |
0 |
4 |
|a 338.91/4
|2 22
|
| 245 |
0 |
0 |
|a EU development policy in a changing world
|h [electronic resource] :
|b challenges for the 21st century /
|c edited by Andrew Mold.
|
| 260 |
|
|
|a Amsterdam :
|b Amsterdam University Press,
|c 2007.
|
| 300 |
|
|
|a 272 p. :
|b ill.
|
| 533 |
|
|
|a Electronic reproduction. Ann Arbor, MI : ProQuest, 2015. Available via World Wide Web. Access may be limited to ProQuest affiliated libraries.
|
| 610 |
2 |
0 |
|a European Union.
|
| 650 |
|
0 |
|a Economic assistance, European.
|
| 651 |
|
0 |
|a European Union countries
|x Economic policy.
|
| 651 |
|
0 |
|a European Union countries
|x Foreign economic relations.
|
| 655 |
|
4 |
|a Electronic books.
|
| 700 |
1 |
|
|a Mold, Andrew.
|
| 710 |
2 |
|
|a ProQuest (Firm)
|
| 856 |
4 |
0 |
|u https://ebookcentral.proquest.com/lib/matrademy/detail.action?docID=420034
|z Click to View
|